Histoire de l'éducation

Đã lưu trong:
Chi tiết về thư mục
Nhiều tác giả của công ty: Institut national de recherche pédagogique (France). Département de la recherche historique, documentaire et comparée, Institut national de recherche pédagogique (France). Service d'histoire de l'éducation, École normale supérieure de Lyon
Định dạng: Điện tử Tạp chí
Ngôn ngữ:Tiếng Pháp
Được phát hành: Paris : Département de la recherche historique, documentaire et comparée de l'I.N.R.P., [1979]-
Lyon : École normale supérieure d
Những chủ đề:
Truy cập trực tuyến:Available in Education Source.
Các nhãn: Thêm thẻ
Không có thẻ, Là người đầu tiên thẻ bản ghi này!

MARC

LEADER 00000cas a22000002a 4500
001 ebs756878e
003 EBZ
006 m d ||||||
007 cr|unu||||||||
008 810721c19789999fr || p o f1 b0fre c
022 |a 2102-5452  |y 0221-6280 
035 |a (EBZ)ebs756878e 
040 |a GZM   |b eng   |d EBZ 
042 |a pcc 
050 0 0 |a LA691  |b .H57 
130 0 |a Histoire de l'éducation (Online) 
222 1 0 |a Histoire de l'éducation 
245 0 0 |a Histoire de l'éducation  |h [electronic resource]. 
246 2 |a Histoire de l'Éducation 
260 |3 1979- :  |a Paris :  |b Département de la recherche historique, documentaire et comparée de l'I.N.R.P.,  |c [1979]- 
260 3 |3 <juil./sept. 2011->:  |a Lyon :  |b École normale supérieure d 
310 |a Semiannual,  |b 2015- 
362 0 |a No 1 (déc. 1978)- 
500 |a "Rédaction: Service d'histoire de l'éducation." 
500 |a Some issues have also a distinctive title. 
515 |a Some issues combined. 
555 |a No. 1 (1978)-20 (1983) with no. 21; no. 21 (1984)-40 (1988) issued as supplement to no. 39-40. 
650 0 |a Education  |z France  |x History  |v Periodicals. 
650 1 7 |a Pedagogiek.  |2 gtt 
650 6 |a Éducation  |x Histoire  |v Périodiques. 
650 6 |a Éducation  |z France  |x Histoire  |v Périodiques. 
650 7 |a Education.  |2 fast  |0 (OCoLC)fst00902499 
651 7 |a France.  |2 fast  |0 (OCoLC)fst01204289 
655 7 |a History.  |2 fast  |0 (OCoLC)fst01411628 
655 7 |a Periodicals.  |2 fast  |0 (OCoLC)fst01411641 
710 2 |a Institut national de recherche pédagogique (France).  |b Département de la recherche historique, documentaire et comparée. 
710 2 |a Institut national de recherche pédagogique (France).  |b Service d'histoire de l'éducation. 
710 2 |a École normale supérieure de Lyon. 
773 0 |t Education Source   |d EBSCO 
776 0 8 |t Histoire de l'éducation  |x 2102-5452  |w (DLC) 2012236354  |w (OCoLC)316026484 
776 1 |t Histoire de l'éducation  |x 0221-6280  |w (OCoLC)7602855  |w (DLC)82641997 
856 4 0 |3 Abstracts available: Oct 2008-Jan 2019.  |z Available in Education Source.  |u https://researchs.unach.elogim.com/direct.asp?db=eue&jid=KDN&scope=site 
901 |a Academic Journal